The Hindu-Arabic Numerals / (Record no. 17103)

MARC details
000 -LEADER
fixed length control field 01147cam a2200289 a 4500
001 - CONTROL NUMBER
control field 13576188
005 - DATE AND TIME OF LATEST TRANSACTION
control field 20240818092944.0
008 - FIXED-LENGTH DATA ELEMENTS--GENERAL INFORMATION
fixed length control field 040428r20041911nyua b 001 0 eng
020 ## - INTERNATIONAL STANDARD BOOK NUMBER
International Standard Book Number 0486439135
020 ## - INTERNATIONAL STANDARD BOOK NUMBER
International Standard Book Number 9780486439136
082 00 - DEWEY DECIMAL CLASSIFICATION NUMBER
Classification number 513.5
Edition number 22
Item number SMI
100 1# - MAIN ENTRY--PERSONAL NAME
Personal name Smith, David Eugene,
Dates associated with a name 1860-1944.
9 (RLIN) 31450
245 14 - TITLE STATEMENT
Title The Hindu-Arabic Numerals /
Statement of responsibility, etc David Eugene Smith and Louis Charles Karpinski.
260 ## -
-- Mineola, N.Y. :
-- Dover Publications,
-- 2004.
300 ## - PHYSICAL DESCRIPTION
Extent vi, 160 p. :
Other physical details ill. ;
Dimensions 23 cm.
336 ## - CONTENT TYPE
Source rdacontent
Content type term text
Content type code txt
337 ## - MEDIA TYPE
Media type term unmediated
Source rdamedia
Media type code n
338 ## - CARRIER TYPE
Carrier type term volume
Carrier type code nc
Source rdacarrier
440 #0 -
-- Dover phoenix editions
-- 31451
500 ## - GENERAL NOTE
General note Originally published: Boston : Ginn and Co., 1911.
504 ## - BIBLIOGRAPHY, ETC. NOTE
Bibliography, etc Includes bibliographical references and index.
650 #0 - SUBJECT ADDED ENTRY--TOPICAL TERM
Topical term or geographic name as entry element Numerals.
9 (RLIN) 24427
653 ## - INDEX TERM--UNCONTROLLED
Arrived date list November2012
Resource For college
700 1# - ADDED ENTRY--PERSONAL NAME
Personal name Karpinski, Louis Charles,
Dates associated with a name 1878-1956.
9 (RLIN) 31452
942 ## - ADDED ENTRY ELEMENTS (KOHA)
Source of classification or shelving scheme Dewey Decimal Classification
Koha item type Book - Borrowing
Classification part RDA-MOD
Holdings
Withdrawn status Lost status Source of classification or shelving scheme Damaged status Not for loan Collection code Home library Current library Shelving location Date acquired Source of acquisition Cost, normal purchase price Total Checkouts Full call number Barcode Date last seen Date checked out Price effective from Koha item type
    Dewey Decimal Classification     Baccah Central Library Central Library First floor 26/11/2012   280.00 1 513.5 SMI 000027829 15/07/2025 04/12/2012 26/11/2012 Book - Borrowing